00587nam a2200193Ia 4500003000900000008004100009020001800050040001600068080002200084100001700106245009100123260004200214300001500256650004100271650001300312650002700325650002800352650001300380IN-BaIIA211028s9999 xx 000 0 eng d a90-277-1118-6 cIIA Library a082.2:52bIAU-S92 aAbell, G. O. 0aObjects of high redshiftcG. O. Abell  aDordrechtbD. Reidel Publishingc1980 axvi, 340p. aAstronomy and Astrophysics Thesaurus aGalaxies aGravitational redshift aObservational cosmology aRedshift